000 00819nam a22002297a 4500
999 _c825
_d825
005 20250224105855.0
008 230222b ||||| |||| 00| 0 eng d
020 _a9781009031448
040 _cKCST
082 _a428.24
_bWi Un
100 _aJessica Williams (Author), Sabina Ostrowska (Author), Chris Sowton (Author)
_95724
245 _aUnlock : reading, writing, & critical thinking. Level 5. Student's book with digital pack/
_cWilliams, Jessica, Ostrowska, Sabina, Sowton, Chris
250 _a2nd
260 _aCambridge:
_bCambridge University Press;
_c2021.
300 _a271 p.
650 _aComprehension
_95725
650 _aComprehension Problems, exercises, etc
_95726
650 _aEnglish language
_92090
700 _aOstrowska, Sabina
_95426
700 _aSowton, Chris
_95143
942 _2ddc
_cCTBK